000 00462nam a2200169Ia 4500
005 20250508152520.0
008 008 250505s9999 xx 000 0 eng d
037 _aTextual
040 _aFEDL
_beng
_cFEDL
041 _aeng
_2eng
084 _aFB, TAG
_qFEDL
100 _aTagore Rabindranath
245 0 _aGalpa guchcha (Bengali)
260 _aCalcutta, India
_bBiswabharti Granthalaya
942 _cTEXL
_hFB, TAG
999 _c1336932
_d1336932